[Event "Barbera op"]
[Site "Barbera del Valles"]
[Date "2013.07.05"]
[Round "2"]
[White "Jaramillo Ochoa, M."]
[Black "Diaz Camallonga, C."]
[Result "1-0"]
[WhiteElo "2074"]
[BlackElo "2216"]
[PlyCount "179"]
[EventDate "2013.??.??"]
[EventType "swiss"]
[EventRounds "9"]

1. d4 Nf6 2. c4 g6 3. Nf3 Bg7 4. g3 O-O 5. Bg2 d5 6. cxd5 Nxd5 7. O-O Nb6 8.
Nc3 Nc6 9. e3 Re8 10. Re1 e5 11. d5 Na5 12. e4 Nac4 13. b3 Nd6 14. a4 a5 15.
Ba3 f5 16. exf5 Bxf5 17. Nd2 Qd7 18. Nde4 Nxe4 19. Nxe4 Bxe4 20. Bxe4 Rad8 21.
Qd2 Nxd5 22. Rad1 c6 23. Qxa5 Qe6 24. Bb2 Rd7 25. Qc5 Nf6 26. Rxd7 Qxd7 27.
Qc4+ Nd5 28. Rd1 Rd8 29. b4 Qe6 30. Bc2 Kf7 31. Bb3 e4 32. Bc1 Qe5 33. b5 Qc3
34. bxc6 bxc6 35. Bg5 Qxc4 36. Bxc4 Bf6 37. Be3 Ke8 38. Bc5 Ra8 39. Bb3 Ra5 40.
Bd4 Ke7 41. Re1 e3 42. fxe3 Bxd4 43. exd4+ Kd6 44. Kf2 Ra8 45. Ra1 Ra5 46. Ke2
Ne7 47. Kd3 c5 48. dxc5+ Kxc5 49. Re1 Nc6 50. Re8 Ra7 51. Kc3 Rd7 52. Bc4 Ne7
53. Bb5 Rc7 54. Kd3 Nd5 55. Rb8 Nb4+ 56. Ke4 Re7+ 57. Kf4 Nd5+ 58. Kg5 Re5+ 59.
Kg4 Re4+ 60. Kf3 Re3+ 61. Kf2 Re7 62. Rc8+ Nc7 63. Kf3 Kb4 64. Kg4 Re4+ 65. Kg5
Nxb5 66. axb5 Kxb5 67. Rc7 Re5+ 68. Kf6 Rh5 69. h4 Kb6 70. Rc3 Kb7 71. Rc1 Kb6
72. Rh1 Kc6 73. g4 Rd5 74. Rc1+ Kd7 75. Kg7 Rd4 76. Rg1 h5 77. g5 Rxh4 78. Re1
Rg4 79. Kxg6 h4 80. Kf6 h3 81. Re7+ Kd8 82. Rh7 Rf4+ 83. Kg7 Ke8 84. g6 Rf3 85.
Rh4 Rg3 86. Kh7 Kf8 87. Rh5 Ke7 88. g7 Kf7 89. Rf5+ Ke6 90. Rf1 1-0

[Event "Barbera op"]
[Site "Barbera del Valles"]
[Date "2013.07.05"]
[Round "2"]
[White "Lopez Martinez, JM."]
[Black "Laxman, RR."]
[Result "1/2-1/2"]
[WhiteElo "2547"]
[BlackElo "2401"]
[PlyCount "115"]
[EventDate "2013.??.??"]
[EventType "swiss"]
[EventRounds "9"]

1. e4 e5 2. Nf3 Nc6 3. Bb5 Nf6 4. d3 d6 5. O-O g6 6. Re1 Bg7 7. d4 Bd7 8. d5
Nb8 9. Bf1 O-O 10. c4 Nh5 11. Nc3 a5 12. Be3 Na6 13. Rc1 b6 14. a3 h6 15. Nd2
Qe8 16. Nb5 f5 17. f3 f4 18. Bf2 Qe7 19. Rb1 Bf6 20. b4 Bh4 21. Bxh4 Qxh4 22.
Nc3 g5 23. c5 axb4 24. axb4 bxc5 25. Bxa6 Rxa6 26. bxc5 g4 27. fxg4 Bxg4 28.
Nf3 Bxf3 29. Qxf3 Ra3 30. Rec1 Nf6 31. h3 Kh8 32. Ra1 Rxa1 33. Rxa1 Rg8 34.
cxd6 cxd6 35. Ne2 Nh7 36. Qf2 Qxh3 37. Ra8 Qd3 38. Rxg8+ Kxg8 39. Qf3 Qb1+ 40.
Kh2 Nf6 41. g3 Qxe4 42. Qxe4 Nxe4 43. gxf4 Nf6 44. fxe5 dxe5 45. d6 Kf7 46. Ng3
Ke6 47. Kh3 h5 48. Kh4 Kxd6 49. Kg5 Ke6 50. Nf5 e4 51. Ne3 Ke5 52. Nf1 Ke6 53.
Ne3 Nd5 54. Nc4 Kd7 55. Kxh5 Kc6 56. Kg4 Kc5 57. Nd2 e3 58. Kf3 1/2-1/2

[Event "Barbera op"]
[Site "Barbera del Valles"]
[Date "2013.07.05"]
[Round "2"]
[White "Martinez Ramirez, E."]
[Black "Valdes Romero, L."]
[Result "1/2-1/2"]
[WhiteElo "2306"]
[BlackElo "2444"]
[PlyCount "101"]
[EventDate "2013.??.??"]
[EventType "swiss"]
[EventRounds "9"]

1. e4 d6 2. d4 Nf6 3. Nc3 g6 4. f4 Bg7 5. Nf3 O-O 6. e5 dxe5 7. fxe5 Nd5 8. Bc4
Nb6 9. Bb3 Nc6 10. Be3 Na5 11. Qe2 Nxb3 12. axb3 Nd5 13. Nxd5 Qxd5 14. O-O Bg4
15. Qc4 Qxc4 16. bxc4 Bf5 17. Rf2 c6 18. c3 a6 19. b4 Be6 20. Nd2 f6 21. exf6
exf6 22. Ne4 Bxc4 23. Nd6 b5 24. Nxc4 bxc4 25. Rfa2 Rfe8 26. Bf2 Bh6 27. Rxa6
Rac8 28. Kf1 Bd2 29. Be1 Bf4 30. g3 Bh6 31. R6a2 Bf8 32. Re2 Re7 33. Bd2 Kf7
34. g4 Rxe2 35. Kxe2 Re8+ 36. Kf3 Rc8 37. Ra7+ Be7 38. Bf4 Ke6 39. b5 Bd6 40.
bxc6 Rxc6 41. Bxd6 Kxd6 42. Rxh7 Ra6 43. Rf7 Ra3 44. Ke4 Ke6 45. Rg7 f5+ 46.
gxf5+ gxf5+ 47. Kf4 Rxc3 48. Rc7 Kd5 49. Rd7+ Ke6 50. Rc7 Kd5 51. Rd7+ 1/2-1/2

[Event "Barbera op"]
[Site "Barbera del Valles"]
[Date "2013.07.05"]
[Round "2"]
[White "Martynov, P."]
[Black "Raghavi, N."]
[Result "1/2-1/2"]
[WhiteElo "2321"]
[BlackElo "2097"]
[PlyCount "104"]
[EventDate "2013.??.??"]
[EventType "swiss"]
[EventRounds "9"]

1. e4 e5 2. Nf3 Nc6 3. Bb5 a6 4. Ba4 Nf6 5. O-O Be7 6. d3 b5 7. Bb3 d6 8. a4 b4
9. a5 O-O 10. Nbd2 Kh8 11. Nc4 Rb8 12. h3 Ng8 13. Ne3 Nd4 14. Nxd4 exd4 15. Nd5
f5 16. Nf4 Rf6 17. Qh5 Rb5 18. Nd5 fxe4 19. dxe4 Rg6 20. Qf3 Bg5 21. Bxg5 Rxg5
22. Qd3 Nf6 23. f4 Rh5 24. Qxd4 c5 25. Qd1 Rh6 26. Nxf6 Qxf6 27. e5 Qf8 28. Re1
Bxh3 29. exd6 Bd7 30. Qf3 Rxd6 31. Rad1 Bc6 32. Qe3 Rf6 33. Bd5 c4 34. Bxc6
Rxc6 35. Rd7 Rxa5 36. Qa7 Rc8 37. Rf7 Qc5+ 38. Qxc5 Raxc5 39. Ree7 Rg8 40. f5
h5 41. Kh2 Kh7 42. Kh3 Kh6 43. Kh4 c3 44. b3 Rd5 45. Re6+ g6 46. Rxa6 Rd4+ 47.
Kh3 Rd2 48. Rff6 Rxc2 49. fxg6 Rg7 50. Rab6 Rb2 51. Rxb4 c2 52. Rc6 Rxg6
1/2-1/2

[Event "Barbera op"]
[Site "Barbera del Valles"]
[Date "2013.07.05"]
[Round "2"]
[White "Molina Morena, A."]
[Black "Ridameya Tatche, J."]
[Result "1/2-1/2"]
[WhiteElo "2174"]
[BlackElo "1991"]
[PlyCount "93"]
[EventDate "2013.??.??"]
[EventType "swiss"]
[EventRounds "9"]

1. e4 e5 2. Nf3 Nc6 3. Bb5 a6 4. Ba4 Nf6 5. d3 b5 6. Bb3 Be7 7. c3 O-O 8. O-O
d5 9. Qe2 dxe4 10. dxe4 Bd6 11. Rd1 Qe7 12. Nbd2 Na5 13. Bc2 Nh5 14. Nf1 Nc6
15. a4 b4 16. Bg5 f6 17. Be3 Be6 18. Bd3 a5 19. h3 Qf7 20. Nh4 g6 21. Bb5 Na7
22. Ba6 Nf4 23. Bxf4 exf4 24. Nf3 Rab8 25. Nd4 Kh8 26. Nd2 Be5 27. Nc4 Bxd4 28.
cxd4 Bxc4 29. Bxc4 Qe7 30. b3 Rfe8 31. Re1 Rbd8 32. Rad1 c5 33. dxc5 Qxc5 34.
Rd5 Rxd5 35. Bxd5 Qb6 36. Rc1 Rc8 37. Rc4 Rxc4 38. Qxc4 Kg7 39. Qc1 Qd6 40. Qc4
Qb6 41. Kf1 g5 42. Ke2 Qd6 43. Bg8 Qd7 44. Be6 Qc6 45. Qd5 Qc2+ 46. Ke1 Qc1+
47. Ke2 1/2-1/2

[Event "Barbera op"]
[Site "Barbera del Valles"]
[Date "2013.07.05"]
[Round "2"]
[White "Narayanan, S."]
[Black "Capellades Subirana, M."]
[Result "1-0"]
[WhiteElo "2475"]
[BlackElo "2260"]
[PlyCount "117"]
[EventDate "2013.??.??"]
[EventType "swiss"]
[EventRounds "9"]

1. e4 e5 2. Nf3 Nc6 3. Bb5 a6 4. Ba4 Nf6 5. d3 Bc5 6. O-O d6 7. c3 Bg4 8. Nbd2
O-O 9. Bxc6 bxc6 10. h3 Bh5 11. Re1 Nd7 12. Nf1 Bxf3 13. Qxf3 Qf6 14. Qxf6 Nxf6
15. Bg5 Nd7 16. Rad1 f5 17. Be3 fxe4 18. dxe4 Rab8 19. Re2 Bxe3 20. Nxe3 a5 21.
b3 a4 22. b4 c5 23. a3 cxb4 24. cxb4 Nb6 25. Rc2 Rf7 26. Rdc1 Rb7 27. Rc6 Kf8
28. Nc4 Rd7 29. Na5 Ra7 30. Kf1 d5 31. exd5 Nxd5 32. Re6 Nf4 33. Rxe5 Rf7 34.
Rd1 Ra8 35. Nc6 g6 36. h4 Kg7 37. Nd8 Rf8 38. Re7+ Kf6 39. Red7 Kf5 40. g3 Nh5
41. Nc6 Ra6 42. Rxc7 Nf6 43. b5 Rb6 44. f3 g5 45. g4+ Nxg4 46. fxg4+ Kxg4+ 47.
Kg2 Rxb5 48. Rd4+ Kf5 49. Rd2 Kg4 50. Rxh7 gxh4 51. Kh2 Rb3 52. Ne5+ Kg5 53.
Rg2+ Rg3 54. Rxg3+ hxg3+ 55. Kxg3 Ra8 56. Rf7 Ra5 57. Nf3+ Kg6 58. Rf4 Kh6 59.
Kf2 1-0

[Event "Barbera op"]
[Site "Barbera del Valles"]
[Date "2013.07.05"]
[Round "2"]
[White "Perez Mañas, B."]
[Black "Garriga Cazorla, P."]
[Result "1/2-1/2"]
[WhiteElo "2307"]
[BlackElo "2071"]
[PlyCount "89"]
[EventDate "2013.??.??"]
[EventType "swiss"]
[EventRounds "9"]

1. e4 c5 2. c3 d5 3. exd5 Qxd5 4. d4 Nf6 5. Nf3 Bg4 6. Be2 e6 7. Na3 Nc6 8. Be3
cxd4 9. Nb5 Rc8 10. Nbxd4 Bc5 11. Qa4 O-O 12. Nxc6 Rxc6 13. Rd1 Qe4 14. Qxe4
Nxe4 15. Ne5 Bxe2 16. Kxe2 Rc7 17. Nd7 Rfc8 18. Nxc5 Nxc5 19. Rd4 b6 20. Rhd1
Kf8 21. Bc1 Ke8 22. b3 f6 23. Bb2 e5 24. Rd5 Rd7 25. Ke3 Rcd8 26. Rxd7 Rxd7 27.
Rxd7 Kxd7 28. Ba3 Nb7 29. Kd3 Nd8 30. Bc1 Kd6 31. Be3 f5 32. Kc4 Kc6 33. a4 Nb7
34. b4 Nd6+ 35. Kb3 f4 36. Bc1 Kd5 37. b5 Nc4 38. h4 g6 39. Kc2 h6 40. f3 Nd6
41. Kd3 Nc4 42. Ke2 Nd6 43. Ba3 Nc4 44. Bc1 Nd6 45. Ba3 1/2-1/2

[Event "Barbera op"]
[Site "Barbera del Valles"]
[Date "2013.07.05"]
[Round "2"]
[White "Perez Mitjans, O."]
[Black "Van Riemsdijk, HC."]
[Result "1-0"]
[WhiteElo "2495"]
[BlackElo "2367"]
[PlyCount "101"]
[EventDate "2013.??.??"]
[EventType "swiss"]
[EventRounds "9"]

1. e4 e5 2. Nf3 Nc6 3. Nc3 Nf6 4. g3 d5 5. exd5 Nxd5 6. Bg2 Nxc3 7. bxc3 Bc5 8.
O-O O-O 9. d3 Bg4 10. Qe1 Re8 11. Ng5 Bf5 12. a4 Qd7 13. a5 Rad8 14. Be3 Be7
15. Qb1 Rb8 16. Re1 h6 17. Ne4 Bh3 18. Bh1 b6 19. axb6 axb6 20. Qb5 Red8 21.
Reb1 Na5 22. c4 Qxb5 23. Rxb5 Nc6 24. Ng5 Bd7 25. Nf3 e4 26. Ne1 exd3 27. Nxd3
Na5 28. Rbb1 Bf6 29. Ra2 Nxc4 30. Bf4 Nd6 31. Ra7 g5 32. Bxd6 cxd6 33. Nb4 Bd4
34. Rxd7 Rxd7 35. Nc6 Bxf2+ 36. Kxf2 Rbb7 37. Rb5 Kg7 38. c4 f5 39. Nd4 Ra7 40.
Nxf5+ Kg6 41. g4 Ra2+ 42. Kg3 Ra3+ 43. Bf3 Rc7 44. Nxd6 Rc6 45. Rd5 b5 46. Nxb5
Rxf3+ 47. Kxf3 Rxc4 48. Rd6+ Kh7 49. Nd4 Rc3+ 50. Kg2 Rc4 51. h3 1-0

[Event "Barbera op"]
[Site "Barbera del Valles"]
[Date "2013.07.05"]
[Round "2"]
[White "Plukkel, S."]
[Black "Saptarshi, R."]
[Result "0-1"]
[WhiteElo "2314"]
[BlackElo "2447"]
[PlyCount "85"]
[EventDate "2013.??.??"]
[EventType "swiss"]
[EventRounds "9"]

1. e4 c5 2. Nf3 d6 3. Nc3 a6 4. a4 g6 5. Bc4 Nc6 6. d4 cxd4 7. Nxd4 Ne5 8. Bb3
Bg7 9. f4 Nd7 10. O-O Ngf6 11. Nf3 Nc5 12. e5 Ng4 13. Bc4 O-O 14. exd6 exd6 15.
Nd5 Nf6 16. a5 Nxd5 17. Bxd5 Be6 18. Ra3 Qc7 19. b4 Bxd5 20. Qxd5 Nd7 21. f5
Nf6 22. Qd3 Rac8 23. fxg6 hxg6 24. Bf4 Qxc2 25. Bxd6 Qxd3 26. Rxd3 Rfd8 27.
Rfd1 Ne4 28. Bf4 Rxd3 29. Rxd3 Bc3 30. Rd7 Bxb4 31. Rxb7 Bxa5 32. Kf1 Nc5 33.
Rb8 Rxb8 34. Bxb8 Bc3 35. Bd6 Ne4 36. Ba3 Nd2+ 37. Nxd2 Bxd2 38. Ke2 Bf4 39. h3
Kg7 40. Kd3 Kf6 41. Ke4 Bc7 42. Kd5 a5 43. Kc6 0-1

[Event "Barbera op"]
[Site "Barbera del Valles"]
[Date "2013.07.05"]
[Round "2"]
[White "Rios, CC."]
[Black "Bijlsma, N."]
[Result "1-0"]
[WhiteElo "2360"]
[BlackElo "2166"]
[PlyCount "71"]
[EventDate "2013.??.??"]
[EventType "swiss"]
[EventRounds "9"]

1. d4 Nf6 2. c4 g6 3. Nc3 d5 4. Nf3 Bg7 5. Qb3 dxc4 6. Qxc4 O-O 7. e4 c6 8. h3
b5 9. Qb3 a5 10. Qc2 a4 11. Bd3 Na6 12. a3 Be6 13. O-O Ne8 14. d5 cxd5 15. exd5
Bd7 16. Nxb5 Bxb5 17. Bxb5 Qxd5 18. Bxa4 Nc5 19. Rd1 Qf5 20. Qxf5 gxf5 21. Bc2
Rb8 22. Rb1 Ne4 23. Nd4 e6 24. f3 N4f6 25. Bf4 Rc8 26. Bb3 Nc7 27. Bd6 Rfe8 28.
Ba4 Ncd5 29. Bxe8 Nxe8 30. Nxf5 Nxd6 31. Nxd6 Rc2 32. Nf5 Bxb2 33. Nd4 Bxd4+
34. Rxd4 Ne3 35. Re1 Rxg2+ 36. Kh1 1-0

[Event "Barbera op"]
[Site "Barbera del Valles"]
[Date "2013.07.05"]
[Round "2"]
[White "Sachdev, T."]
[Black "Lacasta Palacio, J."]
[Result "1-0"]
[WhiteElo "2430"]
[BlackElo "2171"]
[PlyCount "63"]
[EventDate "2013.??.??"]
[EventType "swiss"]
[EventRounds "9"]

1. d4 e6 2. c4 Bb4+ 3. Bd2 Qe7 4. Nf3 f5 5. g3 Nf6 6. Bg2 O-O 7. O-O Bxd2 8.
Qxd2 d6 9. Nc3 Nc6 10. d5 Nd8 11. dxe6 Nxe6 12. Qc2 g6 13. b4 a5 14. a3 Qg7 15.
Rad1 axb4 16. axb4 f4 17. Nd5 fxg3 18. hxg3 Bd7 19. Qb2 Nxd5 20. Qxg7+ Nxg7 21.
cxd5 Ra2 22. Rd2 Rfa8 23. Rc1 Ne8 24. e4 Rxd2 25. Nxd2 Ra2 26. Nc4 b5 27. Ne3
Rb2 28. Nc2 Kf7 29. f4 Kf6 30. Bf1 h5 31. Kf2 g5 32. Ke3 1-0

[Event "Barbera op"]
[Site "Barbera del Valles"]
[Date "2013.07.05"]
[Round "2"]
[White "Salazar, AC."]
[Black "Lorenzo de la Riva, L."]
[Result "1-0"]
[WhiteElo "2200"]
[BlackElo "2433"]
[PlyCount "81"]
[EventDate "2013.??.??"]
[EventType "swiss"]
[EventRounds "9"]

1. e4 d5 2. exd5 Qxd5 3. Nc3 Qa5 4. Nf3 Nf6 5. d4 Bg4 6. h3 Bh5 7. g4 Bg6 8.
Ne5 Nbd7 9. Nc4 Qa6 10. d5 O-O-O 11. Na3 Qd6 12. Nc4 Qa6 13. Bf4 e5 14. Nxe5
Qa5 15. Nc4 Qb4 16. a3 Qe7+ 17. Be3 Nb6 18. Nxb6+ axb6 19. Bg2 h5 20. Qf3 hxg4
21. hxg4 Rxh1+ 22. Bxh1 Qd7 23. d6 c6 24. Na4 Kb8 25. Nxb6 Qe6 26. O-O-O Bxd6
27. Bf4 Ne4 28. Kb1 Ka7 29. Be3 Nc3+ 30. Kc1 Nxd1 31. Qxd1 Kb8 32. Qd4 Bc7 33.
Qb4 Qa2 34. Bd5 Qa1+ 35. Kd2 Bxb6 36. Bxb6 Rxd5+ 37. Ke3 Re5+ 38. Kf3 Qd1+ 39.
Kg3 Kc8 40. Qf8+ Kd7 41. Qd8+ 1-0

[Event "Barbera op"]
[Site "Barbera del Valles"]
[Date "2013.07.05"]
[Round "2"]
[White "Satyapragyan, S."]
[Black "Vehi Bach, VM."]
[Result "1/2-1/2"]
[WhiteElo "2464"]
[BlackElo "2308"]
[PlyCount "122"]
[EventDate "2013.??.??"]
[EventType "swiss"]
[EventRounds "9"]

1. e4 c5 2. Nc3 e6 3. Nf3 d6 4. d4 cxd4 5. Nxd4 Nf6 6. g4 h6 7. h4 Nc6 8. Rg1
d5 9. exd5 Nxd5 10. Nxd5 Qxd5 11. Bg2 Qc4 12. Be3 Bd7 13. Nxc6 Bxc6 14. Qd4
Qxd4 15. Bxc6+ Qd7 16. Bxd7+ Kxd7 17. O-O-O+ Kc6 18. Bd4 b6 19. Rg3 Rd8 20.
Rc3+ Kb7 21. Be5 Bc5 22. Bxg7 Rxd1+ 23. Kxd1 Rg8 24. Bxh6 Rxg4 25. Rf3 f5 26.
Bg5 Rg1+ 27. Ke2 Rh1 28. Rf4 Bd6 29. Rd4 Kc6 30. Rd1 Rh3 31. Bf6 Bc5 32. Rg1
Rh2 33. Rf1 Rh3 34. c4 a5 35. f4 Bd6 36. Rf3 Rh2+ 37. Kd3 Kd7 38. Kc3 Kc6 39.
Kb3 Bc5 40. a3 Bf2 41. h5 Bc5 42. Ka4 Rxh5 43. b4 axb4 44. axb4 Bd6 45. Re3 Rh6
46. Bg5 Rg6 47. Re1 e5 48. fxe5 Bxb4 49. Kxb4 Rxg5 50. e6 Rg8 51. e7 Re8 52.
Re6+ Kd7 53. Rxb6 Kxe7 54. Kc3 f4 55. Kd3 f3 56. Ke3 Rf8 57. Kf2 Rf4 58. c5 Kd7
59. Rb3 Kc6 60. Rxf3 Rxf3+ 61. Kxf3 Kxc5 1/2-1/2

[Event "Barbera op"]
[Site "Barbera del Valles"]
[Date "2013.07.05"]
[Round "2"]
[White "Sequera Paolini, J."]
[Black "Cruz Sanchez, C."]
[Result "0-1"]
[WhiteElo "2394"]
[BlackElo "2499"]
[PlyCount "76"]
[EventDate "2013.??.??"]
[EventType "swiss"]
[EventRounds "9"]

1. e4 c5 2. Nf3 d6 3. d4 cxd4 4. Nxd4 Nf6 5. Nc3 a6 6. h3 e6 7. g4 d5 8. exd5
Nxd5 9. Nde2 Bb4 10. Bg2 O-O 11. Bd2 Nxc3 12. Bxc3 Bxc3+ 13. Nxc3 Qb6 14. O-O
Bd7 15. b3 Rd8 16. Qc1 Bc6 17. Ne4 Nd7 18. Qf4 Nf8 19. Rad1 Ng6 20. Qg3 e5 21.
Qe3 Qc7 22. Rfe1 Nf4 23. Bf1 Rxd1 24. Rxd1 Rd8 25. Re1 Qd7 26. Ng3 f6 27. Nf5
g6 28. Ng3 Kg7 29. Ne4 Qd4 30. Nc3 h5 31. gxh5 Nxh5 32. Rd1 Qxd1 33. Nxd1 Rxd1
34. Qe2 Ra1 35. Kh2 Nf4 36. Qc4 Bd5 37. Qc7+ Kh6 38. c4 Bc6 0-1

[Event "Barbera op"]
[Site "Barbera del Valles"]
[Date "2013.07.05"]
[Round "2"]
[White "Thakur, A."]
[Black "Bergez, L."]
[Result "1/2-1/2"]
[WhiteElo "2234"]
[BlackElo "2395"]
[PlyCount "90"]
[EventDate "2013.??.??"]
[EventType "swiss"]
[EventRounds "9"]

1. e4 c6 2. d4 d5 3. e5 Bf5 4. c4 dxc4 5. Bxc4 e6 6. Nc3 Ne7 7. Nge2 h6 8. O-O
Nd7 9. a3 Bh7 10. Ng3 Nb6 11. Bb3 Nf5 12. Be3 Be7 13. a4 Nd5 14. Nxd5 cxd5 15.
Nxf5 Bxf5 16. g4 Bg6 17. f4 Be4 18. Bc2 h5 19. Bxe4 dxe4 20. f5 Bg5 21. Qd2
Bxe3+ 22. Qxe3 hxg4 23. fxe6 fxe6 24. Qxe4 Qh4 25. Qg6+ Kd8 26. Rf2 g3 27. Qxg3
Qxg3+ 28. hxg3 Rc8 29. Raf1 Rc4 30. Rf7 Kc8 31. Rxg7 Rxd4 32. b3 a5 33. Kg2 Rd3
34. Rc1+ Kb8 35. Rc5 Rxb3 36. Rxa5 Rh5 37. Rc5 Rb2+ 38. Kf3 Rf5+ 39. Kg4 Rb4+
40. Kh3 Rh5+ 41. Kg2 Rb2+ 42. Kf3 Rf5+ 43. Kg4 Rb4+ 44. Kh3 Rh5+ 45. Kg2 Rb2+
1/2-1/2

[Event "Barbera op"]
[Site "Barbera del Valles"]
[Date "2013.07.05"]
[Round "2"]
[White "Vassallo Barroche, M."]
[Black "Bivol, A."]
[Result "0-1"]
[WhiteElo "2434"]
[BlackElo "2207"]
[PlyCount "46"]
[EventDate "2013.??.??"]
[EventType "swiss"]
[EventRounds "9"]

1. d4 Nf6 2. Nf3 g6 3. g3 Bg7 4. Bg2 O-O 5. O-O d6 6. a4 Nc6 7. a5 e5 8. d5 Ne7
9. c4 Ne8 10. e4 f5 11. Nc3 h6 12. a6 b6 13. Re1 Nf6 14. exf5 Nxf5 15. Nd2 Nd4
16. Nde4 Bg4 17. f3 Nxe4 18. fxg4 Nf2 19. Qa4 Qf6 20. Be3 Nxg4 21. Ne4 Nf3+ 22.
Kh1 Qf5 23. Bf1 Ngxh2 0-1

[Event "Barbera op"]
[Site "Barbera del Valles"]
[Date "2013.07.05"]
[Round "2"]
[White "Ventura Bolet, M."]
[Black "Carrasco Rodriguez, J."]
[Result "1-0"]
[WhiteElo "2045"]
[BlackElo "2183"]
[PlyCount "51"]
[EventDate "2013.??.??"]
[EventType "swiss"]
[EventRounds "9"]

1. c4 Nf6 2. g3 g6 3. Bg2 Bg7 4. Nc3 O-O 5. d4 d6 6. Nf3 c6 7. O-O Nbd7 8. e4
Qc7 9. h3 a6 10. a4 e5 11. Be3 Re8 12. Qc2 Nf8 13. Rfe1 Nh5 14. Qd2 exd4 15.
Nxd4 Ne6 16. Rad1 Nxd4 17. Bxd4 Be6 18. b3 Rad8 19. Bxg7 Nxg7 20. Re3 Qb6 21.
Rd3 Kh8 22. Qc2 Qc5 23. Qd2 Qb6 24. g4 Qxb3 25. Nd5 Qxc4 26. Nf6 1-0

[Event "Barbera op"]
[Site "Barbera del Valles"]
[Date "2013.07.06"]
[Round "3"]
[White "Anurag, M."]
[Black "Lopez Martinez, JM."]
[Result "1/2-1/2"]
[WhiteElo "2418"]
[BlackElo "2547"]
[PlyCount "89"]
[EventDate "2013.??.??"]
[EventType "swiss"]
[EventRounds "9"]

1. e4 c5 2. Nf3 e6 3. b3 Nc6 4. Bb2 a6 5. Qe2 d6 6. g3 e5 7. Bg2 g6 8. Na3 Bg7
9. Nc4 b5 10. Ne3 Nge7 11. h4 h5 12. c3 Bg4 13. Nxg4 hxg4 14. Nh2 f5 15. f3
gxf3 16. Nxf3 Qd7 17. a4 bxa4 18. Rxa4 Rb8 19. Rxa6 Rxb3 20. Ra8+ Nd8 21. Bc1
fxe4 22. Ng5 d5 23. O-O Qc6 24. Rxd8+ Kxd8 25. Qg4 Rb6 26. Nf7+ Kc7 27. Nxh8
Bxh8 28. c4 dxc4 29. Bxe4 Qd7 30. Qxd7+ Kxd7 31. Ba3 Rb3 32. Rf3 Kd6 33. g4 Bg7
34. Kf2 Nd5 35. Rxb3 cxb3 36. Bxg6 e4 37. Bxe4 Bd4+ 38. Ke2 Nf6 39. Bf5 b2 40.
g5 Ke5 41. gxf6 Kxf5 42. f7 b1=Q 43. f8=Q+ Kg4 44. Qf3+ Kxh4 45. Qf4+ 1/2-1/2

[Event "Barbera op"]
[Site "Barbera del Valles"]
[Date "2013.07.06"]
[Round "3"]
[White "Aryan, Ch"]
[Black "Sequera Paolini, J."]
[Result "0-1"]
[WhiteElo "2122"]
[BlackElo "2394"]
[PlyCount "144"]
[EventDate "2013.??.??"]
[EventType "swiss"]
[EventRounds "9"]

1. e4 e5 2. Nf3 Nc6 3. Bb5 Nf6 4. Nc3 Bb4 5. d3 O-O 6. O-O d6 7. h3 Ne7 8. Ne2
c6 9. Ba4 Ng6 10. c3 Ba5 11. Be3 Re8 12. Ng3 h6 13. Nh2 d5 14. Ng4 Nxg4 15.
hxg4 d4 16. cxd4 exd4 17. Bc1 Ne5 18. f3 Qh4 19. Ne2 Bc7 20. Bf4 b5 21. Bc2 Bd7
22. Qc1 Qf6 23. Qd2 c5 24. Ng3 Nc4 25. Nh5 Qxf4 26. Qxf4 Bxf4 27. Nxf4 Ne3 28.
Rfc1 a5 29. a3 a4 30. Bd1 Rec8 31. Nd5 Nxd5 32. exd5 Kf8 33. b3 Ke7 34. bxa4
bxa4 35. Rab1 Rab8 36. f4 Kd6 37. Bf3 Rb3 38. Rxb3 axb3 39. Rb1 Rb8 40. Rb2 Ba4
41. Kf2 Re8 42. Bd1 Re7 43. g5 hxg5 44. fxg5 g6 45. g3 Re8 46. g4 Re7 47. Kf1
Re5 48. Bxb3 Bxb3 49. Rxb3 Rxg5 50. Rb6+ Kxd5 51. Rf6 Rxg4 52. Rxf7 Kc6 53. Rf8
Rg5 54. Rb8 Re5 55. a4 Re3 56. Rb3 c4 57. Rb4 Rxd3 58. Rxc4+ Kd5 59. Rc8 Rc3
60. Rd8+ Ke4 61. a5 Ra3 62. Rg8 Rxa5 63. Rxg6 Kd3 64. Rg4 Re5 65. Kf2 Kc3 66.
Rg8 d3 67. Ra8 d2 68. Rc8+ Kb2 69. Rb8+ Kc2 70. Rc8+ Kd1 71. Ra8 Rf5+ 72. Kg2
Ke2 0-1

[Event "Barbera op"]
[Site "Barbera del Valles"]
[Date "2013.07.06"]
[Round "3"]
[White "Bergez, L."]
[Black "Basencyan, M."]
[Result "1-0"]
[WhiteElo "2395"]
[BlackElo "2130"]
[PlyCount "125"]
[EventDate "2013.??.??"]
[EventType "swiss"]
[EventRounds "9"]

1. e4 e5 2. Nf3 Nc6 3. Bc4 Be7 4. d4 d6 5. c3 Nf6 6. Nbd2 O-O 7. O-O Bg4 8.
dxe5 dxe5 9. h3 Bh5 10. Re1 Nd7 11. Nf1 Nc5 12. Bd5 Bxf3 13. Qxf3 Bg5 14. Ne3
Qf6 15. Qxf6 Bxf6 16. Bxc6 bxc6 17. Nc4 Nb7 18. f3 Rfd8 19. Be3 Kf8 20. Kf1 Ke7
21. Ke2 Ke6 22. Red1 a6 23. Rd3 Rxd3 24. Kxd3 Be7 25. Kc2 Rd8 26. g3 g6 27. Re1
h5 28. f4 f6 29. Bf2 Bd6 30. Be3 Be7 31. Nd2 Nd6 32. Bc5 h4 33. fxe5 fxe5 34.
g4 Bg5 35. Be3 Nf7 36. Nf3 Bxe3 37. Rxe3 g5 38. Ne1 Nd6 39. Nd3 a5 40. Nc5+ Ke7
41. Rf3 Rb8 42. b3 Rb5 43. Nd3 a4 44. b4 Nc4 45. Nc5 Rb8 46. Kd3 Nb2+ 47. Kc2
Nc4 48. Rf2 Rf8 49. Rxf8 Kxf8 50. Ne6+ Ke7 51. Nxg5 Ne3+ 52. Kb2 Nc4+ 53. Kc2
Ne3+ 54. Kd2 Nc4+ 55. Kd3 Nb2+ 56. Kc2 Nc4 57. Kd3 Nb2+ 58. Kc2 Nc4 59. Nf3 Kf6
60. Nxh4 Kg5 61. Ng2 Na3+ 62. Kd3 Nb1 63. Ne3 1-0

[Event "Barbera op"]
[Site "Barbera del Valles"]
[Date "2013.07.06"]
[Round "3"]
[White "Bivol, A."]
[Black "Fluvia Poyatos, Jordi"]
[Result "1/2-1/2"]
[WhiteElo "2207"]
[BlackElo "2445"]
[PlyCount "112"]
[EventDate "2013.??.??"]
[EventType "swiss"]
[EventRounds "9"]

1. e4 c5 2. c3 e6 3. d4 d5 4. exd5 exd5 5. Nf3 Nc6 6. Bd3 cxd4 7. cxd4 Bd6 8.
O-O Nge7 9. h3 Bf5 10. Bxf5 Nxf5 11. Re1+ Nfe7 12. Nc3 O-O 13. a3 Rc8 14. Qd3
Qd7 15. Be3 f6 16. Ne2 Qf5 17. Qxf5 Nxf5 18. Bf4 Rfd8 19. Bxd6 Rxd6 20. g4 Nfe7
21. Nf4 Kf7 22. b4 Nd8 23. Re3 g5 24. Nd3 b6 25. b5 Ng6 26. a4 Nb7 27. Nb4 Na5
28. Nd2 Nf4 29. Rae1 Rd7 30. Ra1 Re7 31. Kh2 Nc4 32. Rxe7+ Kxe7 33. Nxc4 Rxc4
34. Nc6+ Kd6 35. a5 Rc2 36. Nxa7 Rxf2+ 37. Kg3 Rg2+ 38. Kf3 bxa5 39. Rxa5 Rh2
40. Ra6+ Kc7 41. Rc6+ Kb8 42. b6 Rxh3+ 43. Kf2 Kb7 44. Rxf6 Rb3 45. Rf7+ Kxb6
46. Nc8+ Kb5 47. Nd6+ Kb4 48. Rxh7 Kc3 49. Nf7 Rb2+ 50. Kf3 Ne6 51. Rh6 Nxd4+
52. Kg3 Ne2+ 53. Kf3 Ng1+ 54. Kg3 Ne2+ 55. Kf3 Nd4+ 56. Kg3 Ne2+ 1/2-1/2

[Event "Barbera op"]
[Site "Barbera del Valles"]
[Date "2013.07.06"]
[Round "3"]
[White "Cruz Sanchez, C."]
[Black "Salazar, AC."]
[Result "1-0"]
[WhiteElo "2499"]
[BlackElo "2200"]
[PlyCount "81"]
[EventDate "2013.??.??"]
[EventType "swiss"]
[EventRounds "9"]

1. Nf3 Nf6 2. c4 g6 3. b4 Bg7 4. Bb2 d6 5. g3 c5 6. bxc5 dxc5 7. Bg2 O-O 8. O-O
Nc6 9. d3 Nd4 10. Nbd2 Ne8 11. Rb1 e5 12. Nxd4 exd4 13. Nb3 h5 14. Ba3 h4 15.
Nxc5 Nd6 16. Nxb7 Bxb7 17. Bxb7 Rb8 18. Bf3 Rxb1 19. Qxb1 Re8 20. Bxd6 Qxd6 21.
Qb7 Be5 22. Qxa7 Kg7 23. Kg2 Rb8 24. c5 Qe6 25. c6 Rb2 26. Qd7 h3+ 27. Kg1 Qxa2
28. c7 Rb1 29. Qxh3 Bxc7 30. Qd7 Rxf1+ 31. Kxf1 Bb6 32. Bd5 Qa7 33. Qe8 Qc7 34.
h4 Bc5 35. Bxf7 Qxf7 36. Qe5+ Kh7 37. Qxc5 Qd7 38. Qe5 Qh3+ 39. Kg1 Qg4 40. Qe4
Qd7 41. h5 1-0